000 01652aab a2200265 i 4500
001 768714001
003 CO-MdFUSB
005 20230605162015.0
008 171122s2013 ck ||||| |||| 00| 0 spa d
022 _a0120-3649
040 _aCO-MdFUSB
_bspa
_cCO-MdFUSB
_dCO-MdFUSB
041 _aspa
100 1 _aBrighenti, Agenor
_eautor
245 1 0 _aNueva evangelización y conversión pastoral
_b: un abordaje desde la Iglesia en América Latina y el Caribe
_c/ Agenor Brighenti
300 _aVolumen 63. Número 176 (2013), páginas 331-366
_c: 24 cm.
520 1 _aLa necesidad de una “nueva evangelización” es un imperativo ante el desafío de mantener siempre viva y actual la novedad del Evangelio. Para remitirse al origen de la expresión, por lo general se hace referencia a un discurso pronunciado por Juan Pablo II. Sin embargo, “nueva evangelización” es un concepto que ya había aparecido en la Conferencia de Medellín, para expresar la exigencia de llevar adelante la renovación del Concilio Vaticano II. No obstante, la traducción más fiel de la exigencia evangélica de una nueva evangelización es la expresión “conversión pastoral”, formulada por la Conferencia de Santo Domingo y retomada en la Conferencia de Aparecida.
650 1 0 _aEvangelización
_9362
653 _aCristiandad
653 _aModernidad
653 _aVaticano II
653 _aAparecida
773 0 _tTheologica Xaveriana
_049424
_959865
_gVolumen 63. Número 176 (2013), páginas 331-366
_qPágina 331
773 0 _tTheologica Xaveriana
_049424
_981967
_gVolumen 63. Número 176 (2013), páginas 331-366
_qPágina 331
_oR14380
942 _cANA
999 _c63569
_d63569